000 00258 a2200085 4500
020 _a9789664398128
245 _aЕнциклопедичний словник класичних мов
260 _bКиївський університет
_c2015
942 _cBK
999 _c458173
_d458173